| 000 | 00553nam a22001937a 4500 | ||
|---|---|---|---|
| 003 | KOHA_MİRAKIL | ||
| 005 | 20251202071305.0 | ||
| 008 | 251202b tu ||||| |||| 00| 0 tur d | ||
| 020 | _a9786259902128 | ||
| 040 |
_aTR-AnABB _btur _cTR-AnABB |
||
| 041 | _atur | ||
| 082 |
_a347.05 _bBER 2023 |
||
| 100 | 1 | _aBerry, Edward, | |
| 245 | 1 | 0 |
_aGerekçelerin yazılması hakimler için el kitabı / _cEdward Berry |
| 260 |
_aAnkara : _bPilot Yayıncılık, _c2023 |
||
| 300 |
_a155 sayfa ; _c24 cm |
||
| 650 | 0 | 4 | _aAdli süreç |
| 942 |
_2ddc _cBK |
||
| 999 |
_c9689 _d9689 |
||
| 900 | _bGizem YORULMAZ | ||